1954 1321 1897 1624 1922 1482 1212 1642 1026 1434 1605 1006 1930 1814 1868 1617 1109 1930 1923 1903 1198 1764 1366 1247 1060 1869 1453 1449 1151 1378 1684 1840 1934 1799 1323 1700 1086 1932 1870 1845 1860 1595 1588 1695 1307 1758 1068 1783 1366 1858 1282 1211 1021 1820 1322 1821 1377 1495 1460 1704 1262 1758 1059 1332 1121 1115 1748 1772 1470 1660 1256 1974 1896 1599 1658 1122 1765 1251 1420 1249 1774 1945 1692 1290 1308 1955 1430 1198 1396 1681 1100 1975 1683 1690 1809 1644 1305 1103 1304 BCNSPRNW ULIB Ver.6.0+V

เปลี่ยนเป็นภาษาไทย

Change to English
 แสดงรายละเอียดบรรณานุกรม
  กลับหน้าหลัก

Brief Record : Get Marc (ISO 2709) : E-mail record : QR code < ปิดหน้าต่าง
LEADER : 00000nam 2200000uu 4500
001    13399110398
003     ULIB
008    110506s2009||||th 000 0 eng d
020    9780763758813
060 04 WY18.2^bS771e 2009
100 1  Spry, Cynthia
245 10 Essentials of perioperative nursing /^cCynthia Spry
250    4rd ed.
260    Sudbury, Mass. :^bJones and Bartlett,^c2009
300    xi, 369 p. :^bill. ;^c28 cm. +^e1 CD-ROM (4 3/4 in.)
504    Includes bibliographical references and index
650  0 Operating room nursing^vProgrammed instruction
945    ^p0^l0^i030074
995     Kesorn
999 ^a ใช้งานได้ทุกระบบ
รายการนี้ยังไม่มีแท็ก
คุณยังไม่ได้ล็อกอิน คุณสามารถมีกิจกรรมร่วมกับเว็บไซต์ได้ แต่ต้องล็อกอินก่อน ::
  ล็อกอิน

รายการสื่อสารสนเทศ

ลำดับที่ ประเภท เลขเรียก/บาร์โค้ด สถานที่ สถานะ
- ไม่พบข้อมูล -

BibComment


ยังไม่เคยถูกคอมเมนท์

คอมเมนท์ทรัพยากรรายการนี้
  คอมเมนท์: Essentials of per..


 Copyright 2026. Bcnsprnw @Library